000 00899nam a22002657a 4500
003 DO-SdBNP
005 20250116122607.0
007 ta
008 110301s2022 dr ac 000 f spa d
020 _a9789945250145
040 _aDO-SdBNP
_bspa
_cBNPHU
082 _axxxx
_bG216H
100 1 _aGarcía Michel, Eduardo
_953018
245 1 0 _aHoracio y Mon :
_bavatares y gloria /
_cEduardo García Michel ; prólogo Bruno Rosario Candelier
260 _aSanto Domingo :
_bArchivo General de la Nación,
_c2022.
300 _a407 p. :
_bil., retr.
_c23 cm.
490 1 _aArchivo General de la Nación ;
_v438
500 _aIncluye datos biográficos del autor.
500 _aNovela histórica.
590 _aInventariado, 2022/ YL
700 1 _aRosario Candelier, Bruno,
_d1941-
_eprol.
_9851
830 0 _nArchivo General de la Nación
_p438
_981429
910 _aYLockward
942 _2ddc
_cLBS1
999 _c51681
_d51681